000 00838cam a22002171 4500
001 9594429
005 20180116035553.0
008 750516s1899 pauf 001 0 eng
010 _a 99003850
035 _a(OCoLC)1336392
040 _aDLC
_cOCX
_dNcU
_dDLC
041 _aeng
080 _a821
082 _2821 SHA
100 1 _a21
101 _aGJL
240 1 0 _aWorks.
_f1899
245 1 4 _aThe complete works of Shakespeare;
_cedited by Clark & Wright; with his life, an historical summary of the plot and characters and variorum readings to each play, by Charles Knight ... To which are added a concordance of familiar gems ... alphabetical list of all characters in the plays, glossary, index, etc. Illustrated with fifty-one photogravures ...
906 _a7
_bcbc
_coclcrpl
_du
_encip
_f18
_gy-gencatlg
942 _2ddc
_cBK
999 _c40340
_d40340